Country Scramble Quiz Stats

 Plays Quiz not verified by Sporcle

Support Sporcle.
Go Orange.
Score 0/8 Timer 03:00
0 Plays Today
Scramble Country % Correct
ANORWYNorway
96.2%
CEEEGRGreece
95.4%
AEHIIOPTEthiopia
87.7%
EEMNYYemen
87.7%
AADNORRAndorra
86.9%
AAIMNORRomania
85.4%
AAAACDGMRSMadagascar
84.6%
Unscrambled First LettersGermany
67.7%

You're not logged in!

Compare scores with friends on all Sporcle quizzes.
OR
Log In
Forgot?

From the Vault

Southernmost World Capitals

by Booger

This quiz is sufficiently challenging enough to compel us to included an image of the southern hemisphere for the icon to get you started.
Remove Ads.
Support Sporcle.
Get the best of Sporcle when you Go Orange. This ad-free experience offers more features, more stats, and more fun while also helping to support Sporcle. Thank you for becoming a member.

Show Comments

Extras

Created May 14, 2011ReportNominate
Tags:Country Quiz, scramble

Top Quizzes Today


Score Distribution

Your Account Isn't Verified!

In order to create a playlist on Sporcle, you need to verify the email address you used during registration. Go to your Sporcle Settings to finish the process.

Report this User

Report this user for behavior that violates our Community Guidelines.

Details: